Welk Zuid-Amerikaans land? - Meerkeuze - Statistieken

Algemene statistieken
  • Deze quiz is 41 keer genomen
  • De gemiddelde score is 5 van 15
Antwoordstatistieken
Vraag Antwoord % Correct
Welk land werd gekoloniseerd door de Nederlanders? Suriname
67%
Waar lag de hoofdstad van het Incarijk? Peru
50%
Welk van deze landen heeft het WK voetbal voor mannen al gewonnen? Uruguay
50%
Welk land maakte deel uit van het Braziliaanse Rijk? Uruguay
50%
De Iguazu watervallen liggen op de grens van Brazilië en ... Argentinië
33%
Welk land claimt de Falklandeilanden? Argentinië
33%
Waar was Pablo Escobar zijn kartel gestationeerd? Colombia
33%
In welk land kan je Mount Chimborazo vinden? Ecuador
33%
Welke landsnaam is afgeleid van het Latijnse woord voor zilver? Argentinië
17%
Welk land werd vernoemd naar een bekend persoon? Bolivia
17%
Waar ligt de stad Recife? Brazilië
17%
Wie heeft de "Oorlog om de Grote Oceaan" gewonnen? Chili
17%
Tot welk land behoort Paaseiland? Chili
17%
Welk van volgende landen heeft Spaans als officiële taal? Uruguay
17%
Door welk land stroomt de Orinoco rivier voornamelijk? Venezuela
0%
Geen overeenkomende quizzen gevonden
Scoreverdeling
Procent van Mensen met Elke Score
Percentiel versus Aantal Correcte Antwoorden
Uw Scoregeschiedenis
U heeft deze quiz nog niet genomen